000 00445 a2200157 4500
999 _c56
_d56
008 191029b ||||| |||| 00| 0 eng d
020 _a9788120331303
082 0 0 _a620.0046
_bV461
100 _aVenkataraman, V.
245 _aMaintenance engineering and management /
_cby K. Venkataraman
250 _a1st ed.
260 _aDelhi:
_bPrentice Hall of India,
_c2017.
300 _a234 p.
650 0 _aPlant maintenance--Management
942 _2ddc
_cBK